| 000 | nam a22 a 4500 | ||
|---|---|---|---|
| 999 |
_c1281 _d1281 |
||
| 003 | AKMAL | ||
| 005 | 20170509090805.0 | ||
| 008 | 170509s1999 my e 000 0 may d | ||
| 020 |
_a9832149266 (kkt. ): _cRM8.00 |
||
| 020 | _a9830612821 (kkt.) | ||
| 040 | _aAKMAL | ||
| 082 | 0 | 4 |
_a297.642 JAH _221 |
| 090 | 0 | 0 |
_a297.642 _bJAH |
| 100 | 0 |
_aMusfir Al-Jahrani _92535 |
|
| 245 | 1 | 0 |
_aMengapa Rasulullah s.a.w. beristeri ramai / _cMusfir Al-Jahrani |
| 260 |
_aBatu Caves : _bPenerbitan Darul Iman, _c1999 |
||
| 300 |
_aiv, 132ms. ; _c21cm. |
||
| 500 | _aMengandungi ayat-ayat dari Quran | ||
| 650 | 1 | 0 |
_aMarriage _xReligious aspects _xIslam _91960 |
| 650 | 2 | 0 |
_aMarriage (Islamic law) _91898 |
| 650 | 2 | 0 |
_aPolygamy (Islamic law) _92536 |
| 650 | 2 | 0 |
_aHusband and wife (Islamic law) _91978 |
| 942 |
_2ddc _cBOOK |
||